| 000 | 00411cam a22001457a 4500 | ||
|---|---|---|---|
| 999 |
_c508760 _d508760 |
||
| 008 | 180718b-- xxu||||| |||| 00| 0 eng d | ||
| 082 | _aA42x5422 C/3 | ||
| 100 |
_aMadhya Pradesh. Law Department _94228 |
||
| 245 |
_aMadhya Pradesh code _cby Law Department |
||
| 260 |
_aNagpur _bGovernment of Madhya Pradesh _c1953 |
||
| 300 | _a403p. | ||
| 440 |
_v3 _94229 |
||
| 500 | _aLibrary has v.1.-v.4, v.6 | ||
| 942 | _2ddc | ||